<?xml version="1.0" encoding="UTF-8"?>
<record
    xmlns:xsi="http://www.w3.org/2001/XMLSchema-instance"
    xsi:schemaLocation="http://www.loc.gov/MARC21/slim http://www.loc.gov/standards/marcxml/schema/MARC21slim.xsd"
    xmlns="http://www.loc.gov/MARC21/slim">

  <leader>00415nam a22001817a 4500</leader>
  <datafield tag="999" ind1=" " ind2=" ">
    <subfield code="c">10490</subfield>
    <subfield code="d">10490</subfield>
  </datafield>
  <controlfield tag="003">OSt</controlfield>
  <controlfield tag="008">210223b           ||||| |||| 00| 0 eng d</controlfield>
  <datafield tag="020" ind1=" " ind2=" ">
    <subfield code="a">9781844135844</subfield>
  </datafield>
  <datafield tag="082" ind1=" " ind2=" ">
    <subfield code="a">650.11 COB</subfield>
  </datafield>
  <datafield tag="100" ind1=" " ind2=" ">
    <subfield code="a">COLLINS,JIM</subfield>
  </datafield>
  <datafield tag="245" ind1=" " ind2=" ">
    <subfield code="a">Built to Last</subfield>
  </datafield>
  <datafield tag="250" ind1=" " ind2=" ">
    <subfield code="a">-</subfield>
  </datafield>
  <datafield tag="260" ind1=" " ind2=" ">
    <subfield code="a">London</subfield>
    <subfield code="b">Harper Collins Publishers</subfield>
    <subfield code="c">1994</subfield>
  </datafield>
  <datafield tag="300" ind1=" " ind2=" ">
    <subfield code="a">342</subfield>
  </datafield>
  <datafield tag="650" ind1=" " ind2=" ">
    <subfield code="a">GENERAL</subfield>
  </datafield>
  <datafield tag="700" ind1=" " ind2=" ">
    <subfield code="a">PORRAS,Jerry I</subfield>
  </datafield>
  <datafield tag="942" ind1=" " ind2=" ">
    <subfield code="2">ddc</subfield>
    <subfield code="c">BK</subfield>
    <subfield code="0">1</subfield>
  </datafield>
  <datafield tag="952" ind1=" " ind2=" ">
    <subfield code="0">0</subfield>
    <subfield code="1">0</subfield>
    <subfield code="2">ddc</subfield>
    <subfield code="4">0</subfield>
    <subfield code="7">0</subfield>
    <subfield code="8">GENERAL</subfield>
    <subfield code="a">PIET</subfield>
    <subfield code="b">PIET</subfield>
    <subfield code="d">2021-02-10</subfield>
    <subfield code="e">Kirti Praskshan</subfield>
    <subfield code="f">IN Rupees</subfield>
    <subfield code="g">999.00</subfield>
    <subfield code="k">IN1559</subfield>
    <subfield code="l">0</subfield>
    <subfield code="o">650.11 COB</subfield>
    <subfield code="p">32565</subfield>
    <subfield code="r">2021-02-23 00:00:00</subfield>
    <subfield code="v">699.30</subfield>
    <subfield code="w">2021-02-10</subfield>
    <subfield code="y">BK</subfield>
    <subfield code="z">Stories and Novels</subfield>
  </datafield>
  <datafield tag="952" ind1=" " ind2=" ">
    <subfield code="0">0</subfield>
    <subfield code="1">0</subfield>
    <subfield code="2">ddc</subfield>
    <subfield code="4">0</subfield>
    <subfield code="7">0</subfield>
    <subfield code="8">GENERAL</subfield>
    <subfield code="a">PIET</subfield>
    <subfield code="b">PIET</subfield>
    <subfield code="d">2021-02-10</subfield>
    <subfield code="e">Kirti Praskshan</subfield>
    <subfield code="f">IN Rupees</subfield>
    <subfield code="g">999.00</subfield>
    <subfield code="k">IN1559</subfield>
    <subfield code="l">2</subfield>
    <subfield code="o">650.11 COB</subfield>
    <subfield code="p">32566</subfield>
    <subfield code="q">2024-07-11</subfield>
    <subfield code="r">2024-01-13 00:00:00</subfield>
    <subfield code="s">2024-01-13</subfield>
    <subfield code="v">699.30</subfield>
    <subfield code="w">2021-02-10</subfield>
    <subfield code="y">BK</subfield>
    <subfield code="z">.</subfield>
  </datafield>
</record>
